00326pab a2200121 454500008004000000100002000040245004800060260000900108300001300117362001200130650001500142773004700157180718b2004 xxu||||| |||| 00| 0 eng d aSinha, Dhami P. aLeadership challenges in the new millennium c2004 ap.14-26. aJan-Mar aLeadership aIndian Journal of Training and Development